000 00458cam a22001934a 4500
005 20250605164319.0
008 250528s ||||||||||||||||||||||||d
035 _a22807
020 _a9780582423343
040 _aGR-AtMCL
_bgre
_dGR-AtMCL
_eAACR2
245 1 _aINTRODUCTION TO COMPUTER LAW
250 _a4
260 _bLongman,
_c2000
300 _a480
700 1 _aBainbridge I. David
_939
942 _cBK
999 _c7852
_d7852